| 000 | 00487nam a22001817a 4500 | ||
|---|---|---|---|
| 003 | NUST | ||
| 005 | 20260512140923.0 | ||
| 008 | 260512b ||||| |||| 00| 0 eng d | ||
| 020 | _a81-239-1492-x | ||
| 082 |
_a944.08131 _bRAG |
||
| 100 |
_aRaghubir Dayal _952936 |
||
| 245 |
_aA Textbook of Modern European History / _cRaghubir Dayal. |
||
| 250 | _a2nd Edition. | ||
| 260 |
_aIndia: _bCBS Publishers, _c1989. |
||
| 300 |
_a599 p ; _c25.5 cm |
||
| 563 | _aPaperback | ||
| 942 |
_2ddc _cBK |
||
| 999 |
_c617417 _d617417 |
||